000 00768nam a2200241 i 4500
001 135359
003 ES-MaACL
005 20250905133306.0
007 t|
008 070716s1982 sp ||||1| spa d
080 _a820-31"19"
100 1 _aToole, John Kennedy.
_9110588
245 1 3 _aLa conjura de los necios /
_cJohn Kennedy Toole ; traducción de J.M. Alvarez Flórez y Angela Pérez.
250 _a[2ª ed.].
260 _aBarcelona :
_bAnagrama,
_c[1982]
300 _a365 p. ;
_c20 cm.
490 1 _aPanorama de narrativas ;
_v14
700 1 _aÁlvarez Flórez, José Manuel.
_920809
700 1 _aPérez Gómez, Ángela
_990555
830 0 0 _aPanorama de narrativas
_v14
_9123642
852 _aES-MaACL
_jL-4581
_bR.104266
999 _c135359
_d135359